000 00444nam a2200181Ia 4500
001 23726
005 20260414150956.0
008 260414t2013||||xx |||||||||||||| ||spa||
041 _aESP
082 _a698.146
_bF317
100 _aFarny, James A.
_eAUT
245 0 _aDiseño y construcción de pisos en concreto
_b
260 _c2013
300 _aix, 173 páginas :
_c28 cm.
650 _a0
654 _aCIC
942 _cLIB
_dJUS
_fJUS
_2ddc
_n
999 _c23726
_d23726